[Event "BEL-ch op"]
[Site "Niel"]
[Date "2017.07.06"]
[Round "6"]
[White "Broekmans, Patrik"]
[Black "Schalembier, Kylian"]
[Result "1-0"]
[WhiteElo "1779"]
[BlackElo "1281"]
[PlyCount "89"]
[EventDate "2017.07.01"]
[EventType "swiss"]
[EventRounds "9"]
[EventCountry "BEL"]
[SourceTitle "EXT 2018"]
[Source "ChessBase"]
[SourceDate "2017.10.13"]
[SourceVersion "1"]
[SourceVersionDate "2017.10.13"]
[SourceQuality "1"]

1. e4 d5 2. exd5 Qxd5 3. Nc3 Qa5 4. d4 c6 5. Bc4 Bf5 6. Nge2 Nf6 7. f3 e6 8. Bd2 Qd8 9. g4 Bg6 10. h4 h5 11. g5 Nd5 12. a3 Nd7 13. Nf4 Nxf4 14. Bxf4 Nb6 15. Bb3 Bd6 16. Qd2 Qc7 17. Bxd6 Qxd6 18. 0-0-0 0-0-0 19. Ne4 Qc7 20. Qe3 Rhe8 21. Rhe1 Nd5 22. Qf2 Qf4+ 23. Kb1 Kb8 24. Ka1 e5 25. c4 Nb6 26. d5 cxd5 27. cxd5 f6 28. gxf6 gxf6 29. d6 Nd7 30. Rd5 Bxe4 31. Rxe4 Qc1+ 32. Ka2 Nb6 33. Rd1 Qc6 34. Qd2 Rh8 35. Be6 Rh7 36. Bf5 Rg7 37. Qb4 Nd5 38. Qb3 Qxd6 39. Ree1 Rgg8 40. Be4 Nc3+ 41. bxc3 Rg2+ 42. Ka1 Qb6 43. Rxd8+ Kc7 44. Qxb6+ axb6 45. Rf8 1-0

[Event "BEL-ch op"]
[Site "Niel"]
[Date "2017.07.03"]
[Round "3"]
[White "Schalembier, Kylian"]
[Black "De Geest, Jan"]
[Result "0-1"]
[WhiteElo "1281"]
[BlackElo "1696"]
[PlyCount "36"]
[EventDate "2017.07.01"]
[EventType "swiss"]
[EventRounds "9"]
[EventCountry "BEL"]
[SourceTitle "EXT 2018"]
[Source "ChessBase"]
[SourceDate "2017.10.13"]
[SourceVersion "1"]
[SourceVersionDate "2017.10.13"]
[SourceQuality "1"]

1. d4 Nf6 2. Nf3 g6 3. e3 Bg7 4. Bd3 0-0 5. 0-0 d6 6. Nbd2 Nc6 7. Re1 e5 8. c3 Re8 9. Be2 e4 10. Ng5 d5 11. Bf1 h6 12. Nh3 Qd6 13. f4 Bg4 14. Qb3 Bxh3 15. Qxb7 Bd7 16. c4 Na5 17. c5 Nxb7 18. cxd6 Nxd6 0-1